000 00490nam a2200169 a 4500
001 6823
003 CO-ViMGA
008 141112s2004 ck r 000 u spa d
040 _aCO-ViMGA
_bspa
_cCO-ViMGA
082 0 4 _a657.042 G715
100 1 _aGran, Lord
_95790
245 1 0 _aFred aprende contabilidad elemental :
_bel cronista /
_cGran Lord , Reales Lord Custudio de los
260 _aMexico :
_bTrillas,
_c1983
300 _a146 p : il
650 1 4 _aCONTABILIDAD
_95693
942 _2ddc
_cBK
999 _c18792
_d18792